[Event "Copenhagen Chess Challenge IM 2023"]
[Site "Ballerup"]
[Date "2023.08.25"]
[Round "5.2"]
[White "Jepson, Christian"]
[Black "Nielsen, Viktor Haarmark"]
[Result "1-0"]
[WhiteElo "2391"]
[BlackElo "2345"]
[PlyCount "191"]
[EventDate "2023.08.23"]
[EventType "tourn"]
[EventRounds "9"]
[EventCountry "DEN"]
[SourceTitle "Live v. Michael Andersen"]

1. c4 Nf6 2. Nf3 e6 3. g3 d5 4. Bg2 d4 5. O-O c5 6. e3 Nc6 7. d3 Bd6 8. Na3 e5
9. exd4 cxd4 10. Re1 O-O 11. c5 Bc7 12. Nc4 Re8 13. Bg5 Bf5 14. b4 h6 15. Nh4
Bh7 16. Bxf6 Qxf6 17. b5 Na5 18. Qa4 Nxc4 19. Qxc4 Rab8 20. Be4 g5 21. Ng2 Ba5
22. Re2 Bxe4 23. dxe4 Bc3 24. Rc1 Qe6 25. Qxe6 Rxe6 26. Ne1 Bxe1 27. Rexe1 g4
28. Red1 f5 29. exf5 Rf6 30. c6 Rxf5 31. Rc5 bxc6 32. bxc6 Rg5 33. c7 Rc8 34.
Rb1 Kf7 35. Rb8 Rgg8 36. Rb7 Ke6 37. Rxa7 Kd6 38. Rc1 h5 39. Ra6+ Kd5 40. Ra5+
Kd6 41. Ra6+ Kd5 42. Ra5+ Kd6 43. Rac5 d3 44. Rc6+ Kd5 45. R6c5+ Kd6 46. Rc6+
Kd5 47. Kf1 d2 48. R1c5+ Kd4 49. Ke2 Rgf8 50. Rc4+ Kd5 51. Kxd2 Rxf2+ 52. Ke3
Rf3+ 53. Ke2 Ra3 54. R4c5+ Kd4 55. Rc4+ Kd5 56. R4c5+ Kd4 57. Rc2 Kd5 58. R6c3
Ra7 59. Ke3 Rb7 60. Rc5+ Kd6 61. Rc6+ Kd7 62. Ke4 Ra7 63. R6c5 Ra4+ 64. R5c4
Ra5 65. Rd2+ Ke7 66. a4 Ra7 67. Kxe5 Raxc7 68. Rxc7+ Rxc7 69. Ra2 Rc5+ 70. Kd4
Ra5 71. Kc4 Kd6 72. Kb4 Rf5 73. a5 Kc7 74. a6 Kb8 75. Ra5 Rf6 76. a7+ Ka8 77.
Rxh5 Kxa7 78. Rh4 Rf2 79. Kc5 Kb7 80. Kd4 Kc6 81. Ke3 Rf3+ 82. Ke2 Ra3 83. Rxg4
Ra2+ 84. Kf3 Rxh2 85. Rd4 Rh8 86. g4 Kc5 87. Rd1 Rf8+ 88. Ke4 Rg8 89. Kf5 Rf8+
90. Ke5 Rg8 91. Rc1+ Kb5 92. Kf5 Rf8+ 93. Ke6 Rg8 94. Rg1 Kc6 95. g5 Re8+ 96.
Kf7 1-0

[Event "Copenhagen Chess Challenge IM 2023"]
[Site "Ballerup"]
[Date "2023.08.25"]
[Round "5.4"]
[White "Jarlskov, Daniel Tuk Hartso"]
[Black "Jogstad, Martin"]
[Result "0-1"]
[WhiteElo "2118"]
[BlackElo "2409"]
[PlyCount "112"]
[EventDate "2023.08.23"]
[EventType "tourn"]
[EventRounds "9"]
[EventCountry "DEN"]
[SourceTitle "Live v. Michael Andersen"]

1. d4 d5 2. c4 c6 3. Nf3 Nf6 4. g3 Bf5 5. Bg2 h6 6. O-O e6 7. b3 a5 8. Nc3 Bd6
9. Bb2 O-O 10. e3 Qe7 11. Ne5 Rd8 12. Qe2 Nbd7 13. e4 dxe4 14. Nxd7 Rxd7 15.
Nxe4 Nxe4 16. Bxe4 Bxe4 17. Qxe4 Ba3 18. Bc3 Bb4 19. Bb2 Ba3 20. Bc3 Bb4 21.
Bb2 Rad8 22. Rfd1 Ba3 23. Bc3 Bb4 24. Bb2 Bc5 25. Rd2 Ba3 26. Rad1 Bxb2 27.
Rxb2 Qb4 28. Rbd2 a4 29. Rd3 Ra8 30. Qe1 Qa3 31. Qc3 axb3 32. axb3 Rad8 33. Kg2
Qa7 34. Ra1 Qb6 35. Rad1 Qa7 36. Ra1 Qb8 37. Rad1 Rd6 38. f4 Qc7 39. Kf3 R8d7
40. Qe1 Qd8 41. Qe5 Qa8 42. Kf2 Qa3 43. Kf3 Qa7 44. h4 Qa8 45. Kf2 Qa7 46. Kf3
b5 47. h5 Qa8 48. Kg4 bxc4 49. bxc4 Qa2 50. d5 cxd5 51. cxd5 Rxd5 52. Rxd5 Rxd5
53. Rxd5 Qxd5 54. Qb8+ Kh7 55. Qe8 f5+ 56. Kh3 Qh1# 0-1

[Event "Copenhagen Chess Challenge IM 2023"]
[Site "Ballerup"]
[Date "2023.08.25"]
[Round "5.5"]
[White "Meskenas, Paulius"]
[Black "Kistrup, Nicolai"]
[Result "0-1"]
[WhiteElo "2297"]
[BlackElo "2339"]
[PlyCount "94"]
[EventDate "2023.08.23"]
[EventType "tourn"]
[EventRounds "9"]
[EventCountry "DEN"]
[SourceTitle "Live v. Michael Andersen"]

1. e4 c5 2. Nf3 d6 3. d4 cxd4 4. Nxd4 Nf6 5. Nc3 Nc6 6. Bb5 Bd7 7. Nxc6 bxc6 8.
Ba4 g6 9. O-O Bg7 10. h3 O-O 11. Be3 Qc7 12. Bb3 c5 13. Qe2 Rab8 14. Rab1 Bc6
15. f3 Rb7 16. Rfd1 Rfb8 17. Qc4 Be8 18. a3 Nd7 19. Kh1 Ne5 20. Qe2 c4 21. Ba2
Rxb2 22. Rxb2 Rxb2 23. Nd5 Qb7 24. Bxc4 Nxc4 25. Qxc4 e6 26. Qc8 Qd7 27. Qxd7
Bxd7 28. Nb4 a5 29. Rxd6 Rb1+ 30. Bg1 axb4 31. axb4 Bh6 32. Rd3 Ba4 33. g3 Bxc2
34. Rd8+ Kg7 35. Kg2 Bg5 36. Rd7 Rxb4 37. Bd4+ Bf6 38. e5 Bg5 39. Bc5 Rb2 40.
Kg1 Rb5 41. Ba3 Rb3 42. Bd6 Rxf3 43. Rc7 Be3+ 44. Kh2 Rf2+ 45. Kg1 Rd2+ 46. Kf1
Bd3+ 47. Ke1 Rh2 0-1

[Event "Copenhagen Chess Challenge IM 2023"]
[Site "Ballerup"]
[Date "2023.08.26"]
[Round "6.1"]
[White "Kistrup, Nicolai"]
[Black "Jepson, Christian"]
[Result "1/2-1/2"]
[WhiteElo "2339"]
[BlackElo "2391"]
[PlyCount "149"]
[EventDate "2023.08.23"]
[EventType "tourn"]
[EventRounds "9"]
[EventCountry "DEN"]
[SourceTitle "Live v. Michael Andersen"]

1. e4 g6 2. d4 Bg7 3. Nc3 d6 4. Be3 a6 5. Qd2 b5 6. O-O-O Nd7 7. h4 h5 8. Nh3
Nb6 9. f3 c6 10. Bd3 Qc7 11. Ng5 f6 12. Nh3 e5 13. dxe5 dxe5 14. f4 Bg4 15. Be2
Nd7 16. Nf2 Bxe2 17. Nxe2 O-O-O 18. Nd3 Nh6 19. Qc3 Ng4 20. Bg1 Bh6 21. g3 Rhe8
22. Kb1 Bf8 23. fxe5 fxe5 24. Qe1 c5 25. Nc3 Nb6 26. Nf2 Rxd1+ 27. Qxd1 Nf6 28.
Qe2 Qc6 29. Nh3 Kb7 30. Ng5 b4 31. Nd1 Be7 32. Bf2 Ng4 33. Re1 Bxg5 34. hxg5
Rf8 35. Bg1 Qb5 36. Qxb5 axb5 37. Bxc5 Rf3 38. Rg1 Nc4 39. Bxb4 Nce3 40. Kc1
Kc6 41. Bd2 Nc4 42. Bb4 Nce3 43. b3 Nf1 44. Be1 Kc5 45. c3 Kc6 46. Kc2 Kb6 47.
Bf2+ Nxf2 48. Rxf1 Nd3 49. Rxf3 Ne1+ 50. Kd2 Nxf3+ 51. Ke3 Nxg5 52. Nb2 Nf7 53.
c4 g5 54. cxb5 Kxb5 55. a4+ Kb4 56. Nd3+ Ka5 57. Kf3 h4 58. gxh4 gxh4 59. Kg4
Nd6 60. Nf2 Kb4 61. Kxh4 Kxb3 62. a5 Kc4 63. a6 Nc8 64. Kg5 Kb5 65. Kf6 Kxa6
66. Kxe5 Kb7 67. Ke6 Nb6 68. Nd3 Nc4 69. Kd5 Ne3+ 70. Kd6 Ng4 71. Nf4 Kc8 72.
Ke7 Kb7 73. Kd6 Kc8 74. Ng2 Kd8 75. Nf4 1/2-1/2

[Event "Copenhagen Chess Challenge IM 2023"]
[Site "Ballerup"]
[Date "2023.08.26"]
[Round "6.2"]
[White "Ramsdal, Jens Albert"]
[Black "Meskenas, Paulius"]
[Result "1-0"]
[WhiteElo "2383"]
[BlackElo "2297"]
[PlyCount "55"]
[EventDate "2023.08.23"]
[EventType "tourn"]
[EventRounds "9"]
[EventCountry "DEN"]
[SourceTitle "Live v. Michael Andersen"]

1. d4 Nf6 2. c4 e6 3. Nf3 d5 4. Nc3 Be7 5. Bf4 O-O 6. e3 c5 7. dxc5 Bxc5 8. Qc2
dxc4 9. Bxc4 Nc6 10. a3 Qa5 11. O-O Be7 12. Nb5 Nd5 13. b4 Qb6 14. Bxd5 Qxb5
15. Be4 h6 16. Bh7+ Kh8 17. Bd3 Qh5 18. b5 Na5 19. Qa4 Bd8 20. Qb4 Rg8 21. Ne5
f5 22. Rad1 Bc7 23. Qe7 Bxe5 24. Bxe5 b6 25. Rc1 Qg6 26. Rc7 Bb7 27. Rxb7 Rae8
28. Qf7 1-0

[Event "Copenhagen Chess Challenge IM 2023"]
[Site "Ballerup"]
[Date "2023.08.26"]
[Round "6.3"]
[White "Nielsen, Viktor Haarmark"]
[Black "Jarlskov, Daniel Tuk Hartso"]
[Result "1-0"]
[WhiteElo "2345"]
[BlackElo "2118"]
[PlyCount "75"]
[EventDate "2023.08.23"]
[EventType "tourn"]
[EventRounds "9"]
[EventCountry "DEN"]
[SourceTitle "Live v. Michael Andersen"]

1. d4 d5 2. c4 e6 3. Nf3 Nf6 4. g3 Be7 5. Bg2 O-O 6. O-O dxc4 7. Qc2 a6 8. Qxc4
b5 9. Qc2 Bb7 10. Bd2 Nbd7 11. Ba5 Bd6 12. Nbd2 Rc8 13. b4 Qe7 14. a3 Nb8 15.
Rac1 Nc6 16. Nb3 Nd7 17. Ng5 Qxg5 18. Bxc6 Bxc6 19. Qxc6 Nb8 20. Qf3 h5 21. Rc2
f5 22. e4 e5 23. dxe5 Bxe5 24. Nc5 Qg6 25. Qb3+ Kh7 26. Qe6 Qxe6 27. Nxe6 Rf6
28. exf5 c6 29. f4 Bd6 30. Ng5+ Kg8 31. Ne4 Rh6 32. Rd1 Bf8 33. Kg2 Kf7 34. Bb6
Be7 35. Kf3 Ke8 36. Bc5 Nd7 37. Bxe7 Kxe7 38. Re2 1-0

[Event "Copenhagen Chess Challenge IM 2023"]
[Site "Ballerup"]
[Date "2023.08.26"]
[Round "6.4"]
[White "Loftgaard, Mikkel Vinh"]
[Black "Sahl, Bjarke"]
[Result "0-1"]
[WhiteElo "2187"]
[BlackElo "2226"]
[PlyCount "78"]
[EventDate "2023.08.23"]
[EventType "tourn"]
[EventRounds "9"]
[EventCountry "DEN"]
[SourceTitle "Live v. Michael Andersen"]

1. e4 c5 2. Nf3 d6 3. Bb5+ Bd7 4. Bxd7+ Nxd7 5. O-O Ngf6 6. Qe2 e5 7. c3 Be7 8.
d4 O-O 9. Bg5 Nh5 10. Be3 Nhf6 11. Rd1 exd4 12. cxd4 Nxe4 13. Nbd2 Nef6 14.
dxc5 dxc5 15. Nc4 Qc7 16. Nh4 Rfe8 17. Nf5 Bf8 18. Qf3 Re6 19. Bf4 Qc6 20. Qxc6
Rxc6 21. Bd6 b6 22. Rd3 g6 23. Bxf8 Kxf8 24. Nfd6 Rb8 25. a4 a6 26. Rad1 b5 27.
Na5 Rcb6 28. f4 c4 29. Rd4 Nc5 30. R1d2 Ne6 31. axb5 axb5 32. Kf2 Nxd4 33. Rxd4
Rd8 34. Ndxc4 Rxd4 35. Nxb6 Rxf4+ 36. Ke3 Rb4 37. b3 Ng4+ 38. Kd3 Nxh2 39. Nd7+
Kg7 0-1

[Event "Copenhagen Chess Challenge IM 2023"]
[Site "Ballerup"]
[Date "2023.08.26"]
[Round "6.5"]
[White "Jogstad, Martin"]
[Black "Heimisson, Hilmir Freyr"]
[Result "1/2-1/2"]
[WhiteElo "2409"]
[BlackElo "2382"]
[PlyCount "107"]
[EventDate "2023.08.23"]
[EventType "tourn"]
[EventRounds "9"]
[EventCountry "DEN"]
[SourceTitle "Live v. Michael Andersen"]

1. d4 d5 2. Nf3 Nf6 3. c3 g6 4. Bf4 Bg7 5. h3 O-O 6. e3 c5 7. Nbd2 b6 8. a4 Nc6
9. Bd3 Bb7 10. O-O Nd7 11. Qe2 Qc8 12. Bb5 a6 13. Bd3 e5 14. dxe5 Ndxe5 15.
Nxe5 Nxe5 16. Bxe5 Bxe5 17. c4 dxc4 18. Nxc4 Qc6 19. Qf3 Bc7 20. Qxc6 Bxc6 21.
Be2 b5 22. axb5 axb5 23. Na3 Rfb8 24. Bf3 Bxf3 25. gxf3 Be5 26. Rab1 Bxb2 27.
Rxb2 Rxa3 28. Rc1 c4 29. Rxc4 bxc4 30. Rxb8+ Kg7 31. Rc8 Rc3 32. Rc6 g5 33. Kg2
Rc2 34. Kg3 h6 35. f4 gxf4+ 36. exf4 c3 37. Kg4 Rc1 38. h4 c2 39. Kh5 f5 40.
Rc7+ Kf6 41. Kxh6 Ke6 42. h5 Kd5 43. f3 Kd4 44. Kg5 Rg1+ 45. Kxf5 c1=Q 46. Rxc1
Rxc1 47. h6 Rh1 48. Kg6 Kd5 49. h7 Ke6 50. Kg7 Rg1+ 51. Kf8 Rh1 52. Kg7 Kf5 53.
h8=Q Rxh8 54. Kxh8 1/2-1/2

[Event "Copenhagen Chess Challenge IM 2023"]
[Site "Ballerup"]
[Date "2023.08.26"]
[Round "7.1"]
[White "Heimisson, Hilmir Freyr"]
[Black "Nielsen, Viktor Haarmark"]
[Result "0-1"]
[WhiteElo "2382"]
[BlackElo "2345"]
[PlyCount "154"]
[EventDate "2023.08.23"]
[EventType "tourn"]
[EventRounds "9"]
[EventCountry "DEN"]
[SourceTitle "Live v. Michael Andersen"]

1. d4 Nf6 2. c4 e6 3. Nc3 d5 4. cxd5 Nxd5 5. e4 Nxc3 6. bxc3 c5 7. Rb1 Be7 8.
Nf3 O-O 9. Bc4 Nc6 10. O-O b6 11. Be3 cxd4 12. cxd4 Bb7 13. Qe2 Rc8 14. Rfd1
Qc7 15. d5 Na5 16. Bd3 exd5 17. exd5 Rcd8 18. Rbc1 Qd6 19. Bb1 Bxd5 20. Nd4 Bf6
21. Qg4 Nc4 22. Bf4 Ne5 23. Qg3 Rfe8 24. Nb5 Qb4 25. Nc7 Bb7 26. Rxd8 Rxd8 27.
Bxe5 Qc5 28. Bc3 Qxc3 29. Qxc3 Bxc3 30. Nb5 Bb2 31. Re1 a6 32. Nd6 Bc6 33. Nc4
Bd4 34. h3 g6 35. Bc2 Bd5 36. Bb3 Be6 37. Re2 Bc5 38. Nd2 Bxb3 39. Nxb3 Bb4 40.
Re4 Rd1+ 41. Kh2 a5 42. g4 Kg7 43. Kg2 f5 44. gxf5 gxf5 45. Rc4 b5 46. Rc7+ Kg6
47. Rc6+ Kg7 48. Rc7+ Kg6 49. Rc6+ Kg5 50. Nc1 Rd6 51. Rc7 h6 52. Kf3 Rd2 53.
Rc6 a4 54. Ke3 Rd6 55. Rc2 Kh4 56. Nd3 Ba3 57. Ne5 Re6 58. Kd4 Be7 59. Nd3 Rd6+
60. Ke3 Bf6 61. Rc8 Bd8 62. Ke2 Kxh3 63. Rc5 Kg4 64. Ne5+ Kf4 65. Nd3+ Ke4 66.
Nb4 Bg5 67. f3+ Kd4 68. Rxf5 Kc4 69. a3 Rd2+ 70. Ke1 Rh2 71. f4 Be7 72. Nc6
Bxa3 73. Ne5+ Kb3 74. Nf3 Bb4+ 75. Kd1 Rh1+ 76. Ke2 a3 77. Kd3 Rh3 0-1

[Event "Copenhagen Chess Challenge IM 2023"]
[Site "Ballerup"]
[Date "2023.08.26"]
[Round "7.2"]
[White "Sahl, Bjarke"]
[Black "Jogstad, Martin"]
[Result "1-0"]
[WhiteElo "2226"]
[BlackElo "2409"]
[PlyCount "65"]
[EventDate "2023.08.23"]
[EventType "tourn"]
[EventRounds "9"]
[EventCountry "DEN"]
[SourceTitle "Live v. Michael Andersen"]

1. Nf3 d5 2. d4 Nf6 3. c3 c5 4. e3 Bg4 5. Nbd2 Nc6 6. h3 Bxf3 7. Nxf3 e6 8. Be2
Bd6 9. O-O O-O 10. dxc5 Bxc5 11. c4 Qe7 12. cxd5 Rfd8 13. a3 Nxd5 14. Qc2 Rac8
15. b4 Bb6 16. Qb3 a5 17. b5 a4 18. Qxa4 Nc3 19. Qc2 Na7 20. Bb2 Ba5 21. b6 Nd5
22. Qb3 Nc6 23. Rfd1 Qc5 24. Bc4 Nxb6 25. Bxe6 fxe6 26. Qxe6+ Kh8 27. Rxd8+
Rxd8 28. Rc1 Qd6 29. Qf7 Qg6 30. Qxb7 Na4 31. Be5 Bd2 32. Rxc6 Qb1+ 33. Qxb1
1-0

[Event "Copenhagen Chess Challenge IM 2023"]
[Site "Ballerup"]
[Date "2023.08.26"]
[Round "7.3"]
[White "Jepson, Christian"]
[Black "Ramsdal, Jens Albert"]
[Result "0-1"]
[WhiteElo "2391"]
[BlackElo "2383"]
[PlyCount "136"]
[EventDate "2023.08.23"]
[EventType "tourn"]
[EventRounds "9"]
[EventCountry "DEN"]
[SourceTitle "Live v. Michael Andersen"]

1. Nf3 Nf6 2. c4 e6 3. g3 d5 4. Bg2 Be7 5. b3 O-O 6. O-O b6 7. Bb2 c5 8. cxd5
Nxd5 9. d4 Bb7 10. Re1 Nf6 11. Nc3 cxd4 12. Nxd4 Bxg2 13. Kxg2 Qd7 14. e4 Rd8
15. Nf3 Qb7 16. Qe2 Nbd7 17. e5 Nd5 18. Nxd5 Qxd5 19. Rad1 Qb7 20. Qe4 Qxe4 21.
Rxe4 Nc5 22. Red4 Kf8 23. Ba3 Rxd4 24. Rxd4 Ke8 25. Rg4 g6 26. Bxc5 Bxc5 27.
Ng5 h6 28. Ne4 Be7 29. Nf6+ Bxf6 30. exf6 Rc8 31. Ra4 a5 32. Rd4 Rc6 33. b4
axb4 34. Rxb4 Kd7 35. Rb5 Rd6 36. g4 Kc6 37. Rb3 e5 38. Rh3 Rd4 39. f3 Rd2+ 40.
Kg3 Rxa2 41. Rxh6 Ra8 42. Rh7 Rf8 43. f4 Kd5 44. g5 b5 45. fxe5 b4 46. Kf4 Ke6
47. Rh3 Rc8 48. Rd3 Rc4+ 49. Ke3 Kxe5 50. Rd7 Kf5 51. Rxf7 Kxg5 52. Rf8 Rh4 53.
Rb8 Kxf6 54. Rb6+ Kg5 55. Rb5+ Kh6 56. Kf3 g5 57. Kg3 Rc4 58. Rb8 Kh5 59. Rh8+
Kg6 60. Rb8 g4 61. Rb5 Kf6 62. h3 gxh3 63. Kxh3 Ke6 64. Kg3 Kd6 65. Kf3 Kc6 66.
Rb8 Kc5 67. Ke2 Rd4 68. Ke3 Rd7 0-1

[Event "Copenhagen Chess Challenge IM 2023"]
[Site "Ballerup"]
[Date "2023.08.26"]
[Round "7.4"]
[White "Jarlskov, Daniel Tuk Hartso"]
[Black "Kistrup, Nicolai"]
[Result "0-1"]
[WhiteElo "2118"]
[BlackElo "2339"]
[PlyCount "80"]
[EventDate "2023.08.23"]
[EventType "tourn"]
[EventRounds "9"]
[EventCountry "DEN"]
[SourceTitle "Live v. Michael Andersen"]

1. c4 e5 2. Nc3 Nf6 3. g3 c6 4. d4 e4 5. Bg2 d5 6. Bg5 Bb4 7. e3 Nbd7 8. Nge2
h6 9. Bxf6 Nxf6 10. cxd5 Bxc3+ 11. Nxc3 cxd5 12. O-O O-O 13. f3 exf3 14. Bxf3
Re8 15. Qd3 Bh3 16. Rfe1 Qd7 17. e4 dxe4 18. Nxe4 Nxe4 19. Bxe4 Rad8 20. Bh7+
Kh8 21. Rxe8+ Qxe8 22. Be4 Qa4 23. d5 Qb4 24. a3 Qb6+ 25. Kh1 Qxb2 26. Rb1 Qe5
27. Rd1 Re8 28. d6 Qxe4+ 29. Qxe4 Rxe4 30. d7 Bxd7 31. Rxd7 Ra4 32. Rxb7 Rxa3
33. Rxf7 Ra2 34. h4 Kg8 35. Rb7 a5 36. Ra7 h5 37. Kg1 a4 38. Ra5 a3 39. Rxh5
Rb2 40. Ra5 a2 0-1

[Event "Copenhagen Chess Challenge IM 2023"]
[Site "Ballerup"]
[Date "2023.08.26"]
[Round "7.5"]
[White "Meskenas, Paulius"]
[Black "Loftgaard, Mikkel Vinh"]
[Result "0-1"]
[WhiteElo "2297"]
[BlackElo "2187"]
[PlyCount "104"]
[EventDate "2023.08.23"]
[EventType "tourn"]
[EventRounds "9"]
[EventCountry "DEN"]
[SourceTitle "Live v. Michael Andersen"]

1. e4 c5 2. Nf3 d6 3. d4 cxd4 4. Nxd4 Nf6 5. Nc3 a6 6. g3 e5 7. Nb3 Be6 8. Bg2
Be7 9. O-O O-O 10. a4 Nbd7 11. Re1 Qc7 12. Nd2 Rab8 13. Nf1 b5 14. axb5 axb5
15. Ne3 Rfc8 16. Re2 b4 17. Ncd5 Bxd5 18. Nxd5 Nxd5 19. Qxd5 Nb6 20. Qd1 Ra8
21. Rb1 Nc4 22. h4 Qa5 23. Qd3 Qa2 24. c3 Qb3 25. Qc2 Na5 26. Bh3 Rcb8 27. Ra1
bxc3 28. bxc3 Qc4 29. Ra4 Qc6 30. Ba3 Nb3 31. Rxa8 Qxa8 32. Bb4 Nd4 33. cxd4
Rxb4 34. d5 Qa1+ 35. Kh2 Qa8 36. Re3 Qa7 37. Rc3 g6 38. h5 Kg7 39. Rc7 Rb7 40.
Rc4 Bg5 41. Ra4 Qb6 42. Ra2 Rc7 43. Qe2 Qd4 44. Qg4 Bh6 45. hxg6 hxg6 46. Qh4
Ra7 47. Rc2 Ra1 48. Bg2 Qd1 49. Rc8 g5 50. Rg8+ Kxg8 51. Qxh6 Qg1+ 52. Kh3 Qh1+
0-1

[Event "Copenhagen Chess Challenge IM 2023"]
[Site "Ballerup"]
[Date "2023.08.27"]
[Round "8.1"]
[White "Kistrup, Nicolai"]
[Black "Heimisson, Hilmir Freyr"]
[Result "1-0"]
[WhiteElo "2339"]
[BlackElo "2382"]
[PlyCount "87"]
[EventDate "2023.08.23"]
[EventType "tourn"]
[EventRounds "9"]
[EventCountry "DEN"]
[SourceTitle "Live v. Michael Andersen"]

1. d4 d5 2. c4 c6 3. Nf3 Nf6 4. e3 Bf5 5. Nc3 e6 6. Bd3 Bxd3 7. Qxd3 Nbd7 8.
O-O Be7 9. Rd1 O-O 10. e4 dxe4 11. Nxe4 c5 12. Be3 Qc7 13. dxc5 Rfd8 14. Nxf6+
Nxf6 15. Qa3 a5 16. h3 Ne4 17. Qb3 Bxc5 18. Nd4 b6 19. Qc2 Qb7 20. Rd3 Rac8 21.
Rad1 Qa8 22. b3 h6 23. Nb5 Bxe3 24. Rxe3 Rxd1+ 25. Qxd1 Rd8 26. Rd3 Rxd3 27.
Qxd3 Nf6 28. Qd6 Qe4 29. Qxb6 Qb1+ 30. Kh2 Qxa2 31. Nd6 Qd2 32. g3 e5 33. Kg2
e4 34. Nf5 Kh7 35. Ne3 Nd7 36. Qb5 Nf6 37. Qf5+ Kg8 38. Qc8+ Kh7 39. Qf5+ Kg8
40. c5 Qc3 41. Qc8+ Kh7 42. c6 Qe5 43. Qd8 Ne8 44. Nc4 1-0

[Event "Copenhagen Chess Challenge IM 2023"]
[Site "Ballerup"]
[Date "2023.08.27"]
[Round "8.2"]
[White "Meskenas, Paulius"]
[Black "Jepson, Christian"]
[Result "1/2-1/2"]
[WhiteElo "2297"]
[BlackElo "2391"]
[PlyCount "81"]
[EventDate "2023.08.23"]
[EventType "tourn"]
[EventRounds "9"]
[EventCountry "DEN"]
[SourceTitle "Live v. Michael Andersen"]

1. e4 g6 2. d4 Bg7 3. Nc3 c6 4. Be3 d5 5. e5 f6 6. f4 Nh6 7. Nf3 Bg4 8. Be2 e6
9. exf6 Bxf6 10. O-O Bxf3 11. Bxf3 O-O 12. Qd3 Nd7 13. g4 Bg7 14. Rae1 Qh4 15.
Qd1 Rae8 16. Bf2 Qe7 17. Qd2 a6 18. Kg2 Nb6 19. Ne2 Nc4 20. Qc1 Nf7 21. Ng3 Qb4
22. b3 Ncd6 23. c3 Qa5 24. Qc2 Nb5 25. Re3 c5 26. dxc5 Nxc3 27. Be1 d4 28. Bxc3
dxc3 29. Ne4 Qc7 30. Nxc3 Qxc5 31. Qd2 Rd8 32. Qe1 Qc7 33. Ne2 e5 34. f5 Ng5
35. h4 Nxf3 36. Rfxf3 gxf5 37. gxf5 Qc2 38. Rc3 Qe4 39. Rce3 Qc2 40. Rc3 Qe4
41. Rce3 1/2-1/2

[Event "Copenhagen Chess Challenge IM 2023"]
[Site "Ballerup"]
[Date "2023.08.27"]
[Round "8.3"]
[White "Ramsdal, Jens Albert"]
[Black "Jarlskov, Daniel Tuk Hartso"]
[Result "1/2-1/2"]
[WhiteElo "2383"]
[BlackElo "2118"]
[PlyCount "279"]
[EventDate "2023.08.23"]
[EventType "tourn"]
[EventRounds "9"]
[EventCountry "DEN"]
[SourceTitle "Live v. Michael Andersen"]

1. Nf3 Nf6 2. g3 d5 3. Bg2 e6 4. O-O Be7 5. d4 O-O 6. c4 dxc4 7. Qc2 a6 8. a4
Bd7 9. Qxc4 Bc6 10. Bg5 Bd5 11. Qd3 Be4 12. Qe3 Bc6 13. Nc3 h6 14. Bxf6 Bxf6
15. Rfd1 a5 16. Ne4 Bxe4 17. Qxe4 c6 18. Ne5 Na6 19. h4 Nb4 20. Ra3 Qc7 21. Nd3
Nc2 22. Rc3 Nxd4 23. Nc5 Nxe2+ 24. Qxe2 Bxc3 25. bxc3 b6 26. Nd3 Rad8 27. Rb1
b5 28. Ne5 bxa4 29. Ra1 Qd6 30. Be4 Qc5 31. Nc4 Qb5 32. Bc2 Rd5 33. Qe4 g6 34.
Rxa4 Rc5 35. h5 Rxh5 36. Rxa5 Qxa5 37. Nxa5 Rxa5 38. Qxc6 Raa8 39. Qf3 Kg7 40.
c4 Rac8 41. Qc3+ Kg8 42. c5 Rc7 43. c6 Rfc8 44. Be4 Kh7 45. Qf6 Kg8 46. Kg2
Rxc6 47. Bxc6 Rxc6 48. Qd8+ Kg7 49. Qd4+ Kg8 50. Kf3 Rc1 51. Qd2 Rh1 52. g4 h5
53. Kg2 Rb1 54. gxh5 gxh5 55. Qg5+ Kf8 56. Qc5+ Kg8 57. Qg5+ Kf8 58. Qxh5 Rb3
59. Qg5 Rd3 60. Qc5+ Kg7 61. Qe7 Rd5 62. Kf3 Rf5+ 63. Ke4 Rd5 64. Qh4 Rf5 65.
Qg4+ Kf6 66. Qg3 Rd5 67. Qg8 Re5+ 68. Kf4 Rf5+ 69. Kg4 Rd5 70. Qh8+ Kg6 71. Qc3
Rf5 72. Qh8 Rd5 73. Qg8+ Kf6 74. Qh7 Rg5+ 75. Kh4 Rf5 76. Qh6+ Ke7 77. Kg3 Rd5
78. Kf4 Rf5+ 79. Ke4 Rd5 80. Qh4+ Kf8 81. Qf6 Rb5 82. f3 Rd5 83. Kf4 Rb5 84.
Qd8+ Kg7 85. Qd4+ Kg6 86. Qd3+ Rf5+ 87. Ke4 Kf6 88. Qd8+ Kg6 89. Qg8+ Kf6 90.
f4 Rd5 91. Qh7 Rf5 92. Qh6+ Ke7 93. Ke3 Rd5 94. Kf3 Rd3+ 95. Ke4 Rd5 96. Qh4+
Kf8 97. Qf6 Kg8 98. Qc3 Rf5 99. Qa1 Kh7 100. Qg1 Rd5 101. Qg2 Rh5 102. Kd4 Rf5
103. Qg3 Rh5 104. Kc4 Rf5 105. Qg4 Rd5 106. Qg2 Rf5 107. Kd3 Rd5+ 108. Ke3 Rf5
109. Qg4 Rd5 110. Qg2 Rh5 111. Kd4 Rf5 112. Qh3+ Kg6 113. Ke4 Rd5 114. Qh8 Rf5
115. Qg8+ Kf6 116. Qh7 Rd5 117. Qh6+ Ke7 118. Qg7 Rf5 119. Qd4 Kf8 120. Qa1 Kg8
121. Kf3 Kf8 122. Kg4 Rd5 123. Qf6 Kg8 124. Qh6 Rf5 125. Kf3 Rd5 126. Ke3 Rf5
127. Ke4 Rd5 128. Qf6 Kf8 129. Qa1 Rf5 130. Qd4 Ke7 131. Qh8 Rd5 132. Qh7 Kf6
133. Qh4+ Kg6 134. Qe7 Rf5 135. Qd7 Kg7 136. Qd8 Kg6 137. Qd4 Rd5 138. Qg1+ Kf6
139. Qg4 Rf5 140. Qh4+ 1/2-1/2

[Event "Copenhagen Chess Challenge IM 2023"]
[Site "Ballerup"]
[Date "2023.08.27"]
[Round "8.4"]
[White "Nielsen, Viktor Haarmark"]
[Black "Sahl, Bjarke"]
[Result "1-0"]
[WhiteElo "2345"]
[BlackElo "2226"]
[PlyCount "49"]
[EventDate "2023.08.23"]
[EventType "tourn"]
[EventRounds "9"]
[EventCountry "DEN"]
[SourceTitle "Live v. Michael Andersen"]

1. d4 Nf6 2. c4 e6 3. Nf3 d5 4. g3 Bb4+ 5. Nbd2 O-O 6. Bg2 a5 7. O-O b6 8. cxd5
exd5 9. a3 Be7 10. Nb1 c5 11. Nc3 Nc6 12. Bf4 Ba6 13. Re1 Ne4 14. Nxe4 dxe4 15.
Ne5 Nxd4 16. Bxe4 Nxe2+ 17. Kh1 Nxf4 18. Nc6 Qxd1 19. Nxe7+ Kh8 20. Raxd1 Rae8
21. Bc6 Be2 22. Bxe8 Bf3+ 23. Kg1 Nh3+ 24. Kf1 Bxd1 25. Bd7 1-0

[Event "Copenhagen Chess Challenge IM 2023"]
[Site "Ballerup"]
[Date "2023.08.27"]
[Round "8.5"]
[White "Loftgaard, Mikkel Vinh"]
[Black "Jogstad, Martin"]
[Result "1/2-1/2"]
[WhiteElo "2187"]
[BlackElo "2409"]
[PlyCount "129"]
[EventDate "2023.08.23"]
[EventType "tourn"]
[EventRounds "9"]
[EventCountry "DEN"]
[SourceTitle "Live v. Michael Andersen"]

1. e4 c6 2. d4 d5 3. e5 Bf5 4. Nd2 e6 5. Nb3 a6 6. Nf3 Nd7 7. Be2 c5 8. dxc5
Nxc5 9. Be3 Rc8 10. c3 Nh6 11. Nfd4 Nxb3 12. Qxb3 Bc5 13. Qxb7 O-O 14. Bxh6
Bxd4 15. cxd4 gxh6 16. O-O Rb8 17. Qxa6 Rxb2 18. Bd3 Qg5 19. Bxf5 Qxf5 20. Qa3
Rfb8 21. Qe3 Qg5 22. a4 Rd2 23. Rfd1 Rc2 24. Rdb1 Rxb1+ 25. Rxb1 Qxe3 26. fxe3
Ra2 27. Rb8+ Kg7 28. Ra8 h5 29. a5 h4 30. a6 Kg6 31. Rg8+ Kf5 32. a7 Rxa7 33.
Kf2 Ke4 34. Rg4+ Kd3 35. Rxh4 Ra2+ 36. Kf3 Re2 37. Rxh7 Rxe3+ 38. Kf2 Kxd4 39.
Rxf7 Rxe5 40. g4 Re4 41. h3 Re3 42. Rf4+ Kd3 43. Ra4 Re2+ 44. Kf1 Rh2 45. g5
Rb2 46. g6 d4 47. g7 Rb8 48. h4 Ke4 49. h5 Kf5 50. Rxd4 Rg8 51. h6 Kg6 52. Rh4
Kh7 53. Ke2 Ra8 54. Ke3 e5 55. Rh1 Ra3+ 56. Ke4 Rg3 57. Rh4 Rg5 58. Rh3 Rg2 59.
Rh5 Rg4+ 60. Kxe5 Rg1 61. Kf6 Ra1 62. Re5 Rf1+ 63. Ke7 Kg8 64. Ke6 Rh1 65. Ke7
1/2-1/2